Quizzes
Events
Quiz Creation
Community
Videos
Private Events
Remove Ads
Sign In
Join for FREE
Feedback
Dark Mode
Quiz Categories
Sports
Geography
Music
Movies
Television
Just For Fun
Miscellaneous
History
Literature
Language
Science
Gaming
Entertainment
Religion
Holiday
For Kids
Quiz Lab
Recent
Popular Today
Quiz Kudos Today
Editor Picks
Curator Picks
Quizzes by...
Day
Popularity
Type
Ratings
Length
Year
Community
Subscriptions
Recent Discussions
Orange Saloon
Badges
Playlists
Quests
Create
Leaderboards
Showdown
Live 5
Trivia Bingo
Activity
Puzzle Library
Sporcle Events
Private Events
Virtual Trivia
Globe League
Become a Host
Pub Owners
SporcleCon
Opinionation
Our Games
Videos
Blog
Mobile Apps
Partnerships
Remove Ads and Go Orange
Feedback
Gaming
Video Games
Board Games
Card Games
Pokémon
Mario
Nintendo
Minecraft
Console
Toys
Legend of Zelda
Gaming
Video Games
Board Games
Card Games
Pokémon
Mario
Nintendo
Minecraft
Console
Toys
Legend of Zelda
Random Quiz
Search Sporcle
×
Quiz Lab
Quiz Lab
Gaming
Company
Type in answers that appear in a list
Type in answers that appear in a list
Classic
Best Score? Go Orange.
Name the game developers 2 Stats
Can you name the game developers (companies)?
By
Djungelurban
5m
30 Questions
52 Plays
52 Plays
52 Plays
Comments
Comments
Give Quiz Kudos
Give Quiz Kudos
-
- Ratings
hide this ad
Replay
Link that replays current quiz
Next Quiz
Link to next quiz in quiz playlist
You Got
0%
They Got
Avg Score
20%
Avg Friend Score
Upgrade to see
Score Distribution
Jump to the score distribution portion of the page
Score
0/30
Timer
05:00
0
Plays Today
Games developed
Developer name
% Correct
Ico, Shadow of the Colossus, The Last Guardian
Team ICO
59.6%
Call of Duty 3, Spider-
Man, Die by the Sword
Treyarch
59.6%
Assassin's Creed, Prince of Persia: Sands of Time, Splinter Cell
Ubisoft Montreal
46.2%
Fahrenheit, Omikron, Heavy Rain
Quantic Dream
44.2%
Burnout, Black, Scorched Planet
Criterion
32.7%
Sly Cooper, inFamous, Rocket: Robot on Wheels
Sucker Punch
32.7%
Fire Emblem, Advance Wars, Super Paper Mario
Intelligent Systems
30.8%
Command & Conquer, The Legend of Kyrandia, Nox
Westwood
30.8%
Virtua Fighter, Daytona USA, Shenmue
Sega AM2
28.8%
Legacy of Kain: Soul Reaver, Tomb Raider: Underworld, Gex
Crystal Dynamics
26.9%
Star Wars: Rogue Squadron, Super Turrican, Lair
Factor 5
23.1%
The Saboteur, Mercenaries, Destroy All Humans!
Pandemic
23.1%
Tomb Raider, Chuck Rock, Fighting Force
Core
21.2%
S.T.A.L.K.E.R., Cossacks, American Conquest
GSC Game World
17.3%
The Chronicles of Riddick: Escape from Butcher Bay, The Darkness, Enclave
Starbreeze
17.3%
Games developed
Developer name
% Correct
Silent Hill, Suikoden III, Castlevania: Aria of Sorrow
KCET
13.5%
Puyo Puyo, Aleste, Alien Crush
Compile
13.5%
Dragon Quest, Shiren the Wanderer, Pokémon Mystery Dungeon
ChunSoft
11.5%
BloodRayne, Ghostbusters The Video Game, Fury 3
Terminal Reality
11.5%
Lufia, Rune Factory, Chaos Seed
Neverland
9.6%
Mega Man Zero, Mega Man 9, Love & Destroy
Inti Creates
9.6%
Top Gear, Actua Soccer, Loaded
Gremlin
9.6%
Shadow Hearts, Koudelka, Faselei!
Sacnoth
9.6%
WET, MySims Racing, Jersey Devil
Artificial Mind and Movement
9.6%
Master of Magic, Master of Orion II, 1830: Railroads & Robber Barons
Simtex
7.7%
Truxton, Tiger Heli, Zero Wing
Toaplan
5.8%
Extreme G, Forsaken, Alien Trilogy
Probe
5.8%
Ecco the Dolphin: Defender of the Future, Contra: Legacy of War, Tiny Tank
Appaloosa
3.8%
Legend of Legaia, Wild ARMs 2, Alundra 2
Contrail
3.8%
Sphinx and the Cursed Mummy, Buffy the Vampire Slayer: Chaos Bleeds, Spyro: A Hero's Tail,
Eurocom
3.8%
Quiz Playlist
Details
Report
Send in Message
Add To Playlist
Classic:
Type in answers that appear in a list
Last Updated: Feb 16, 2017
Quiz Scoreboard
CHALLENGE
Sign Up to Join the Scoreboard
Show All
Scores
Hide
Comments
May contain spoilers
Recently Published
NBA Finals Game Top Scorers (2010s)
by flibbidy
Sports
5m
Guess the 'R' Things in 3 Words
by MSUKent
Miscellaneous
3m
Actor to Badly Drawn Movie III
by MoMosMoProblems
Movies
5m
More to Explore
Quiz From the Vault
Featured Blog Post
Where Does Lost Luggage Go?
hide this ad
You Might Also Like...
Tags
Company Quiz
Developed
Developer
Today's Top Quizzes in Gaming
Browse Gaming
hide this ad
Today's Top Quizzes in Company
Browse Company
Top Contributed Quizzes in Gaming
1
Video Game Rainbow Blitz
2
Genshin Impact Logic Puzzle
3
Pokémon Gen IV Logic Puzzle (HARD)
4
Rainbow Six Siege Operators by Picture
5
Genshin Impact Logic Puzzle Quiz
6
Ordering Roman Numerals: Pokémon
7
Magic: the Gathering Set Symbols - LCI
8
Pokémon Logic Puzzle (DIFFICULT)
9
St. Patrick's Pick: Gaming
10
Wii Remote Buttons
Explore More
Trending Topics
NBA
Anime
Disney
Crossword
Harry Potter
Kpop
Marvel
Song
WWE
The Office
NFL
Country
Soccer
Pokémon
Puzzle
hide this ad
More By:
Djungelurban
Quiz
Plays
Rating
Category
Featured
Created
The HARD Buffy trivia quiz
5,867
2.57
Television
Nov 21, 2009
Mega Man Games
1,401
3.25
Gaming
Oct 1, 2009
Super Nintendo RPGs
878
5.00
Gaming
Oct 1, 2009
Name the game developers (companies)
166
3.20
Gaming
Nov 14, 2009
Name the game developers 2
52
4.17
Gaming
Nov 25, 2009
Go to Creator's Profile
Score Distribution
Quiz Creator Spotlight
Djungelurban
Follow
Send a Message
Quizzes Created
-
Created Quiz Play Count
-
More By This Creator
Popular Quizzes Today
1
Find the US States - No Outlines Minefield
2
Find the US States
3
The Countries of the World
4
10 Largest US States in Order
5
Find the Countries of Europe - No Outlines Minefield
6
US States
7
Guess the 'R' Things in 3 Words
8
NBA Finals Game Top Scorers (2010s)
More Gaming Quizzes
Terraria Magic Weapons
Quiz Lab
Trending Quizzes
First Name TV: Leading Men
Match the Book to the Film II
First Name TV: Leading Women Drama
Match the Book to the Film VI
Pick A Pair: Religious TV
Recently Updated
Women's Final Four Teams by Year
bhenderson79
Presidents Quartet II
eogle
Anything But Clue(do)
eogle
Anything But Oceanian Capitals
eogle
Anything But 7
eogle
Anything But Thing
eogle
Word Ladder: February 29
pecheneg
Song Title Questions
pecheneg
Women's NCAA Tournament #1 Seeds
pecheneg
Celebrity Mug Shots
pecheneg
Trending Topics
Crossword
Marvel
Harry Potter
Anime
Kpop
Disney
NBA
Puzzle
Country
Pokémon
Soccer
Song
WWE
NFL
The Office
Your Account Isn't Verified!
In order to create a playlist on Sporcle, you need to verify the email address you used during registration. Go to your
Sporcle Settings
to finish the process.
Report this User
Report this user for behavior that violates our
Community Guidelines
.
Details:
Send Report
Go to the Sporcle.com Mobile Site →
Comments